| 000 | 00546 a2200229 4500 | ||
|---|---|---|---|
| 260 | _aMontréal | ||
| 630 | _a657 - Comptabilité | ||
| 037 | _b1, Achat | ||
| 650 | _a6 - SCIENCES APPLIQUEES | ||
| 100 | _aBégin, Jean | ||
| 260 | _bBeauchemin | ||
| 245 | _aLes fondements de la comptabilité : tome 2, Comptabilité des entreprises commerciales | ||
| 300 | _a452 p. | ||
| 650 | _aComptabilité | ||
| 260 | _c1974 | ||
| 300 | _b24cm | ||
| 100 | _lFr | ||
| 037 | _aDE 6317 | ||
| 020 | _a0-7750-0202-X | ||
| 999 |
_c42041 _d42041 |
||